000 00689nam a2200205 i 4500
001 81721
003 ES-MaACL
005 20250728110240.0
007 t|
008 041105s1947 ag ||||1| spa d
100 1 _aHuxley, Aldous,
_d1894-1963
_964858
245 1 3 _aLa filosofía perenne /
_cAldous Huxley ; traducción de C.A. Jordana.
260 _aBuenos Aires :
_bEdit. Sudamericana,
_c[1947] (
_fCompañía Impresora Argentina)
300 _a427 p. ;
_c21 cm.
650 4 _aReligión-
_xFilosofía
_916799
650 0 7 _aReligión y filosofía
_2embne
_916811
700 1 _aJordana, César-August.
_966928
852 _aES-MaACL
_jF-5252
_bR.26719
999 _c81721
_d81721